Greenheart metropolis: planning the Western Netherlands /

Bibliographic Details
Main Author: Burke, Gerald L.
Format: Book
Language:English
Published: London : New York : Macmillan; St. Martin's P., 1966.
Subjects:

MARC

Tag First Indicator Second Indicator Subfields
LEADER 00000cam a2200000 4500
001 in00000052505
005 20151007072111.0
008 751231s1966 enkabf b 00010 eng
010 |a  66071195  
015 |a B66-7991 
035 |a (OCoLC)01908041 
035 |9 AAE7232AM 
037 |c 50/- 
040 |a DLC  |c FQG  |d OCL  |d TXA  |d UtOrBLW 
049 |a TXAM  |c [461223] 
050 0 0 |a HT395.N4  |b B8 1966 
082 0 |a 711.3 
100 1 |a Burke, Gerald L. 
245 1 0 |a Greenheart metropolis: planning the Western Netherlands /  |c by Gerald L. Burke. Foreword by the Rt. Hon. Lord Holford. 
264 1 |a London :  |b Macmillan;  |a New York :  |b St. Martin's P.,  |c 1966. 
300 |a xvi, 172 pages :  |b illustrations, 4 plates (including 3 color) maps, tables. ;  |c 26 cm 
336 |a text  |b txt  |2 rdacontent 
337 |a unmediated  |b n  |2 rdamedia 
338 |a volume  |b nc  |2 rdacarrier 
504 |a Bibliography: pages 163-166. 
650 0 |a Regional planning  |z Netherlands. 
650 0 |a Reclamation of land  |z Netherlands. 
999 |a MARS 
999 f f |s 8f2343b2-93d3-32f4-9506-79206caac134  |i f4822ef6-4f7b-327f-a652-908a329fb3ff  |t 0 
952 f f |p ric  |a Texas A&M University  |b Rellis Campus  |c Joint Library Facility  |d Remote Storage  |t 0  |e HT395.N4 B8 1966  |h Library of Congress classification  |i unmediated -- volume  |m A14803003533 
998 f f |a HT395.N4 B8 1966  |t 0  |l Remote Storage